Statistics for The Hunger Games Trilogy: Katniss Everdeen Trivia

Click here to take the quiz!

General Stats

  • This quiz has been taken 2,266 times
    (2,262 since last reset)
  • The average score is 13 of 15

Answer Stats

Hint Answer % Correct
Katniss' hair colordark brown
98%
Katniss' sisters namePrimrose Everdeen
97%
Color of Katniss' reaping dressblue
97%
Katniss' friend (boy)Gale Hawthorne
96%
Katniss' fellow tribute in the 74th Hunger Games and husbandPeeta Mellark
94%
Katniss' favorite colorgreen
93%
Katniss' weapon of choice/ best weaponbow and arrow
92%
Katniss' nickname following the opening ceremonies of the 74th Hunger GamesThe Girl On Fire
90%
District Katniss' lives inDistrict Twelve
88%
Katniss' signature hair stylebraid down her back
84%
Katniss' district token during the 74th Hunger Gamesgolden mockingjay pin
79%
Age Katniss was when her father diedeleven
76%
Katniss' eye colorgrey
75%
Katniss' friend (girl)Madge Undersee
74%
Katniss' favorite capitol foodlamb stew with dried plums
42%

Score Distribution

Percentile by Number Answered

Percent of People with Each Score

Your Score History

You have not taken this quiz since the last reset